Countries Closest to X - Statistics

General Stats
  • This quiz has been taken 6,870 times
  • The average score is 16 of 21
Answer Stats
country % Correct
Countries Closest to EGYPT
100%
Libya
91%
Sudan
90%
Israel
88%
Saudi Arabia
88%
Turkey
84%
Jordan
83%
Cyprus
81%
Greece
80%
Lebanon
80%
Syria
80%
Yemen
79%
Chad
76%
Eritrea
75%
Iraq
74%
Ethiopia
68%
Albania
60%
Bulgaria
53%
North Macedonia
53%
Niger
47%
Palestine
28%
No matching quizzes found
Score Distribution
Percent of People with Each Score
Percentile by Number Answered
Your Score History
You have not taken this quiz